| 000 | 00573nam a22001697a 4500 | ||
|---|---|---|---|
| 010 | _aENG-120544 | ||
| 020 |
_c181.00 _a8906043770011 |
||
| 035 | _aEN-104076 | ||
| 037 | _bDBAD/PUB | ||
| 082 | _a615.8512 | ||
| 100 | _aEzekiel, Moses | ||
| 245 |
_aHealing experiences through hypnosis and past life regression / _cby Moses Ezekiel |
||
| 260 |
_aMumbai _bKetaki Prakashan _c201? |
||
| 270 |
_bMumbai _aAjay Deep House,22- Second Floor, 240 Perin Nariman Street Fort, _e400001 |
||
| 300 |
_a163p. : _b20cm(pbk). _cill. |
||
| 942 |
_2ddc _cEN _h615.8512 _mEZE |
||
| 999 |
_c144344 _d144344 |
||